000153773 001__ 153773 000153773 005__ 20260416074351.0 000153773 0247_ $$2ISSN$$a1381-1177 000153773 0247_ $$2WOS$$aWOS:000178172100003 000153773 0247_ $$2BCI$$aBCI200200626168 000153773 0247_ $$2BIOSIS$$aPREV200200626168 000153773 0247_ $$2DOI$$a10.1016/S1381-1177(02)00044-9 000153773 0247_ $$2HSB$$a08210053862x 000153773 0247_ $$2SCOPUS$$aSCOPUS:2-s2.0-0037073009 000153773 037__ $$aRWTH-CONV-032171 000153773 041__ $$aEnglish 000153773 1001_ $$0P:(DE-82)041988$$aDoumèche, Bastien$$b0 000153773 245__ $$aEnzymatic catalysis in gel-stabilized two-phase systems : improvement of the solvent phase$$honline, print 000153773 260__ $$aAmsterdam [u.a.]$$bElsevier$$c2002 000153773 3367_ $$0PUB:(DE-HGF)16$$2PUB:(DE-HGF)$$aJournal Article$$bjournal$$mjournal 000153773 3367_ $$2DataCite$$aOutput Types/Journal article 000153773 3367_ $$00$$2EndNote$$aJournal Article 000153773 3367_ $$2BibTeX$$aARTICLE 000153773 3367_ $$2ORCID$$aJOURNAL_ARTICLE 000153773 3367_ $$2DRIVER$$aarticle 000153773 591__ $$aGermany 000153773 7001_ $$0P:(DE-82)032958$$aHeinemann, Matthias$$b1 000153773 7001_ $$0P:(DE-82)IDM00545$$aBüchs, Jochen$$b2 000153773 7001_ $$0P:(DE-82)008220$$aHartmeier, Winfried$$b3 000153773 7001_ $$0P:(DE-82)000868$$aAnsorge-Schumacher, Marion B.$$b4 000153773 773__ $$0PERI:(DE-600)2021208-2$$a10.1016/S1381-1177(02)00044-9$$n1/3$$p19-27$$tJournal of molecular catalysis / B, Enzymatic$$v18$$x1381-1177 000153773 909CO $$ooai:publications.rwth-aachen.de:153773$$pVDB 000153773 9151_ $$0StatID:(DE-HGF)0031$$2StatID$$aPeer reviewed article 000153773 9201_ $$0I:(DE-82)160000_20140620$$k160000$$lFachgruppe Biologie$$x0 000153773 9201_ $$0I:(DE-82)162610_20140620$$k162610$$lLehrstuhl für Biotechnologie$$x1 000153773 9201_ $$0I:(DE-82)416510_20140620$$k416510$$lLehrstuhl für Bioverfahrenstechnik$$x2 000153773 961__ $$c2014-08-12$$x2007-06-14$$z2012-02-20 000153773 970__ $$a08210053862x 000153773 980__ $$ajournal 000153773 980__ $$aI:(DE-82)160000_20140620 000153773 980__ $$aI:(DE-82)162610_20140620 000153773 980__ $$aI:(DE-82)416510_20140620 000153773 980__ $$aVDB 000153773 980__ $$aUNRESTRICTED 000153773 980__ $$aConvertedRecord